000 00908nam a22002177a 4500
005 20240530110547.0
008 160611s2013 ua g 000 0 ara d
017 _a2013/5795
_bمصر . دار الكتب المصرية
020 _a9789774278174
040 _aEG-CaGPL
082 0 4 _221
_a182.09\
_bم ت
100 0 _aمصطفى النشار .
245 1 0 _aتاريخ الفلسفة اليونانية من منظور شرقى :
_bارسطو طاليس و مذهبه الفلسفى و نظرياته العلمية /
_cمصطفى النشار .
250 _aط1.
260 _aالقاهرة :
_bالدار المصرية اللبنانية ،
_c2013 .
300 _a255 ص ؛
_c24 سم .
504 _aيشتمل على ارجاعات ببليوجرافية .
650 0 4 _aالفلسفة اليونانية
_xتاريخ .
942 _2ddc
_cBK
999 _c62388
_d62388